000 00327pab a2200145 454500
008 180718b1986 xxu||||| |||| 00| 0 eng d
100 _aBhattacharya, A.P.
245 _aMaking red tape green
260 _c1986
300 _a181-6
362 _aApr.-June
650 _aBureaucracy
773 _aU.S.I. Journal
909 _a4912
999 _c4912
_d4912